000 00544nam a2200133Ia 4500
005 20260209120151.0
008 260209s9999||||xx |||||||||||||| ||und||
100 _aVyshak Manikanta S
245 0 _aEvaluating the impact of electoral design on democratic representation : a study of simultaneous elections in India
260 _aBangaloreBangalore
_bNLSIU, Bangalore
_c2023 - 2024
300 _a33 p. ; 25 cm.
700 _aDr. Jasmin Joseph - SupervisorDr. Jasmin Joseph - Supervisor
856 _uhttps://dans.nls.ac.in/handle/123456789/2124
999 _c217728
_d217728